|
|
|
|
| LEADER |
00000nab a2200000 a 4500 |
| 001 |
vtls000687056 |
| 003 |
SK-MaSNL |
| 005 |
20260305030404.0 |
| 008 |
250426c1998 xo 0 slo |
| 015 |
|
|
|a SNBRB1999/02-04412
|
| 035 |
|
|
|a CLN000039223
|
| 035 |
|
|
|a urn:nbn:sk:snk-ab31u3
|
| 035 |
|
|
|a (urnnbn)urn:nbn:sk:snk:ar-a04ml9
|
| 035 |
|
|
|a (uuid)372f6b83-d0ee-4d7f-9607-96797de2cb59
|
| 040 |
|
|
|a SNKBUCL
|b slo
|c SNKBUCL
|e AACR2
|
| 041 |
0 |
|
|a slo
|
| 044 |
|
|
|a xo
|c SK
|
| 080 |
|
|
|a 627.215(282.243.73)(437.6)
|2 1997
|
| 080 |
|
|
|a 656.078(437.6)
|2 1997
|
| 080 |
|
|
|a 656.628(282.243.73)(437.6)
|2 1997
|
| 100 |
1 |
|
|a Rakssányi, Boris
|4 aut
|9 11913
|
| 245 |
1 |
0 |
|a Prístav a terminál kombinovanej dopravy Trenčianska Teplá
|c Boris Rakssányi
|
| 300 |
|
|
|b Obr.
|
| 650 |
0 |
7 |
|a doprava kombinovaná
|x terminály
|z Trenčianska Teplá (Slovensko)
|2 snkbucl
|9 1607280
|
| 651 |
|
7 |
|a Trenčín (Slovensko : okres)
|2 snkbucl
|9 75018
|
| 651 |
|
7 |
|a Vážska vodná cesta (Slovensko)
|x prístavy
|z Trenčianska Teplá (Slovensko)
|2 snkbucl
|9 1607281
|
| 655 |
|
7 |
|a články z novín a časopisov
|2 snkbucl
|9 267496
|
| 773 |
0 |
|
|t Horizonty dopravy
|g Roč. 6, č. 4 (1998), s. 2-4
|x 1210-0987
|
| 850 |
|
|
|a Slovenská národná knižnica
|
| 852 |
|
|
|a Slovenská národná knižnica
|
| 954 |
|
|
|a odborná, vedecká literatúra pôvodná (slovenská)
|2 lita
|
| 958 |
|
|
|a article27
|
| 958 |
|
|
|a OND
|
| 958 |
|
|
|a SK
|
| 958 |
|
|
|a EUIPO
|
| 992 |
|
|
|a RBX
|
| 999 |
|
|
|c 3311202
|d 3313132
|